Państwa po podpowiedziach #2 - Statystyki

Ogólne statystyki
  • Ten quiz został rozwiązany 25 razy
  • Średni wynik to 7 z 15
Statystyki odpowiedzi
podpowiedź Państwo % Poprawnych
Jedyne państwo na literę o Oman
95%
Jedyna flaga w kształcie trójkąta Nepal
79%
Ma landy Niemcy
68%
Najmłodsze państwo na świecie Sudan południowy
68%
Ma stolice Ułan Bator Mongolia
58%
Najmniejszy kraj w Afryce Seszele
58%
Najmniejszy kraj w Azji Malediwy
37%
Ma ak-47 na fladze Mozambik
37%
Najmniejszy kraj w Oceanii Nauru
37%
Najmniejszy kraj w Ameryce Południowej Surinam
37%
3 inne państwa mają to samo w nazwie Gwinea
32%
Najmniejszy kraj w Ameryce Północnej Saint Kitts i Nevis
32%
Ma najstarszą flagę Dania
21%
Był nazywany Europejską Koreą północną Albania
16%
Ma najwięcej kolorów na fladze Belize
16%
Nie znaleziono quizów pasujących do podanych kryteriów
Rozkład punktacji
Procent ludzi z każdym wynikiem
Percentyl według liczby udzielonych odpowiedzi
Twoja historia wyników
Nie rozwiązałeś tego quizu